Loading...
| Science - Other | 0 | 2 | 1 | 1 | 15 | 114 | 119.00 | 0 | 0 | 0.00 | 4.55 |
| Literature - World | 0 | 1 | 0 | 0 | 10 | 152 | 152.00 | 0 | 0 | 0.00 | 0.91 |
| Social Science | 0 | 1 | 0 | 0 | 10 | 51 | 51.00 | 1 | 1 | 4.84 | 9.09 |
| History - European | 0 | 1 | 0 | 1 | 10 | 117 | 117.00 | 0 | 0 | 0.00 | 1.82 |
| Other Academic | 0 | 1 | 0 | 0 | 10 | 47 | 47.00 | 0 | 1 | 19.94 | 20.00 |
| Literature - British | 0 | 1 | 0 | 1 | 10 | 150 | 150.00 | 0 | 0 | 0.12 | 1.14 |
| Literature - European | 0 | 0 | 0 | 0 | 0 | 0.00 | 0 | 0 | 0.00 | 0.00 | |
| Mythology | 0 | 0 | 0 | 0 | 0 | 0.00 | 0 | 0 | 0.00 | 0.00 | |
| History - American | 0 | 0 | 1 | 0 | -5 | 0.00 | 0 | 0 | 0.00 | 0.00 | |
| History - Other | 0 | 0 | 1 | 0 | -5 | 0.00 | 0 | 0 | 0.00 | 0.00 | |
| Current Events | 0 | 0 | 1 | 0 | -5 | 0.00 | 0 | 0 | 0.00 | 0.00 | |
| History - World | 0 | 0 | 2 | 0 | -10 | 0.00 | 0 | 0 | 0.00 | 0.00 |